Statistics for Complete these Movie Quotes #5

Click here to take the quiz!

General Stats

  • This quiz has been taken 551 times
  • The average score is 15 of 20

Answer Stats

FilmQuote% Correct
Apollo 13Houston, we have {a} {problem}
96%
TitanicI'm king of the {world}!
96%
ET: The Extra-TerrestrialET, phone {home}
95%
Forrest GumpMama always said life was like a {box} {of} {chocolates}. You never know what you're gonna get
95%
Taxi DriverYou {talkin'} to me?
94%
Jerry MaguireShow me {the} {money}!
92%
JawsYou're gonna need a b{igger} b{oat}
92%
CasablancaHere's looking at you, {kid}
85%
The Lord of the Rings: The Two TowersMy {Precious}
84%
GoldfingerA martini. {Shaken}, not {stirred}
83%
The Adventures of Sherlock HolmesElementary, {my} {dear} {Watson}
79%
A Streetcar Named DesireStella! Hey, {Stella}!
79%
Sons of the DesertWell, here's another nice mess you've {gotten} me into!
74%
CasablancaLouis, I think this is the beginning of a {beautiful} {friendship}
73%
RockyYo, A{drian}!
72%
A Streetcar Named DesireI have always depended on the kindness of {strangers}
67%
Annie HallLa-dee-{da}, la-dee-{da}
41%
Marathon ManIs it {safe}?
21%
Grand HotelI want to be {alone}
17%
Dead Poets SocietyCarpe diem. Seize the day, boys. Make your lives {extraordinary}
16%

Score Distribution

Percentile by Number Answered

Percent of People with Each Score

Your Score History

You have not taken this quiz